000
00294nam a22001337a 4500
020
_a
9781402067778
082
_a
631.45 BRA/LA
100
_a
Braimoh,Ademola K
100
_a
Vlek,Paul L.G.
245
_a
Land Use and Soil Resources
260
_b
Springer
_c
2008
300
_a
253
942
_c
BK
999
_c
13859
_d
13859